000 00641nam a22001817a 4500
005 20170615153828.0
010 _aENG-118687
020 _a9789385160707
_c1495.00
035 _aEN-102219
037 _bDBAD/PUB
082 _a302.23
100 _aGagare, Ajit
245 _aChanging media, changing audience
_cby Ajit Gagare and Madhavi Reddy
_bRevitalizing theories of production, promotion and active audience /
260 _aNew Delhi
_bLenin Media
_c2016
270 _a204-205, 2nd Floor, Durga Complex, CSC, Mayur Vihar-II, New Delhi-110092
300 _axxviii,249p
_c23cm.(Hb)
942 _2ddc
_cEN
_h302.23
_mCHA
999 _c141169
_d141169